|
|
|
|
| LEADER |
00000nam0a2200000 4500 |
| 001 |
177110 |
| 005 |
20231031165536.0 |
| 010 |
|
|
|a 5345002843
|
| 035 |
|
|
|a (RuTPU)RU\TPU\book\192016
|
| 090 |
|
|
|a 177110
|
| 100 |
|
|
|a 20100312d1990 m y0rusy50 ca
|
| 101 |
0 |
|
|a rus
|
| 102 |
|
|
|a BY
|
| 105 |
|
|
|a a z 001zy
|
| 200 |
1 |
|
|a Вторая жизнь дерева
|f В. М. Сафроненко
|
| 210 |
|
|
|a Минск
|c Полымя
|d 1990
|
| 215 |
|
|
|a 207 с.
|c ил.
|
| 320 |
|
|
|a Библиогр.: с. 204-205.
|
| 610 |
1 |
|
|a древесина
|
| 610 |
1 |
|
|a древесное сырье
|
| 610 |
1 |
|
|a резьба по дереву
|
| 610 |
1 |
|
|a мозаика
|
| 610 |
1 |
|
|a природные деревянные формы
|
| 610 |
1 |
|
|a декоративные композиции
|
| 610 |
1 |
|
|a точение
|
| 610 |
1 |
|
|a выжигание
|
| 610 |
1 |
|
|a склеивание
|
| 610 |
1 |
|
|a художественные изделия
|
| 610 |
1 |
|
|a ремонт
|
| 610 |
1 |
|
|a реставрация
|
| 675 |
|
|
|a 745.51
|v 3
|
| 700 |
|
1 |
|a Сафроненко
|b В. М.
|g Виктор Михайлович
|
| 801 |
|
1 |
|a RU
|b 63413507
|c 20100312
|
| 801 |
|
2 |
|a RU
|b 63413507
|c 20110204
|g RCR
|
| 942 |
|
|
|c BK
|